[Event "23rd ETCC Women 2021"]
[Site "Catez"]
[Date "2021.11.19"]
[Round "6.24"]
[White "Sibajeva, Marija"]
[Black "Mrvova, Alena"]
[Result "0-1"]
[WhiteElo "1946"]
[BlackElo "2174"]
[Annotator "ChessBase"]
[PlyCount "120"]
[EventDate "2021.11.08"]
[EventType "team-tourn"]
[EventCountry "SLO"]
[WhiteTeam "Lithuania"]
[BlackTeam "Slovakia"]
[WhiteTeamCountry "LTU"]
[BlackTeamCountry "SVK"]
[TimeControl "40/5400+30:1800+30"]

1. e4 {[%emt 0:00:03]} c5 {[%emt 0:00:30]} 2. Nf3 {[%emt 0:00:03]} Nc6 {
[%emt 0:00:32]} 3. Bb5 {[%emt 0:00:08]} g6 {[%emt 0:00:34]} 4. O-O {[%emt 0:00:
09]} Bg7 {[%emt 0:00:18]} 5. Re1 {[%emt 0:00:13]} e5 {[%emt 0:00:51]} 6. c3 {
[%emt 0:00:45]} Nge7 {[%emt 0:01:25]} 7. d3 {[%emt 0:00:58]} O-O {[%emt 0:02:
04]} 8. Be3 {[%emt 0:01:04]} b6 {[%emt 0:01:21]} 9. d4 {[%emt 0:02:03]} cxd4 {
[%emt 0:03:48]} 10. cxd4 {[%emt 0:00:41]} exd4 {[%emt 0:00:15]} 11. Nxd4 {
[%emt 0:00:11]} Qc7 {[%emt 0:00:13]} 12. Nc3 {[%emt 0:00:41]} a6 {[%emt 0:12:
02]} 13. Ba4 {[%emt 0:04:05]} b5 {[%emt 0:01:37]} 14. Bb3 {[%emt 0:00:20]} Ne5
{[%emt 0:01:33]} 15. Rc1 {[%emt 0:04:02]} Nc4 {[%emt 0:05:03]} 16. Bxc4 {
[%emt 0:09:39]} bxc4 {[%emt 0:00:16]} 17. b3 {[%emt 0:01:19]} cxb3 {[%emt 0:05:
14]} 18. Nd5 {[%emt 0:00:43]} Qd8 {[%emt 0:00:49]} 19. Nxb3 {[%emt 0:05:17]}
Nxd5 {[%emt 0:08:49]} 20. Qxd5 {[%emt 0:00:08]} Rb8 {[%emt 0:00:07]} 21. Qd6 {
[%emt 0:08:11]} Bb7 {[%emt 0:04:35]} 22. Nc5 {[%emt 0:00:32]} Bc6 {[%emt 0:00:
06]} 23. Nxa6 {[%emt 0:10:04]} Ra8 {[%emt 0:00:54]} 24. Nb4 {[%emt 0:02:43]}
Bxe4 {[%emt 0:00:25]} 25. Rcd1 {[%emt 0:17:55]} Bf5 {[%emt 0:07:44]} 26. Bd4 {
[%emt 0:00:57]} Qb8 {[%emt 0:04:19]} 27. Bxg7 {[%emt 0:03:29]} Qxd6 {[%emt 0:
00:20]} 28. Rxd6 {[%emt 0:00:03]} Kxg7 {[%emt 0:00:05]} 29. Ra1 {[%emt 0:07:29]
} Rfb8 {[%emt 0:03:22]} 30. Ra6 {[%emt 0:01:50]} Rxa6 {[%emt 0:01:18]} 31. Nxa6
{[%emt 0:00:06]} Rb6 {[%emt 0:00:57]} 32. Nc5 {[%emt 0:00:45]} d6 {[%emt 0:00:
30]} 33. Nb3 {[%emt 0:00:28]} Be6 {[%emt 0:00:44]} 34. Nc1 {[%emt 0:00:49]} Bc4
{[%emt 0:00:38]} 35. f3 {[%emt 0:06:05]} d5 {[%emt 0:00:36]} 36. Nb3 {[%emt 0:
00:32]} Bxb3 {[%emt 0:00:11]} 37. Rb1 {[%emt 0:00:20]} Kf6 {[%emt 0:01:39]} 38.
Kf2 {[%emt 0:01:53]} Ke5 {[%emt 0:00:34]} 39. Ke3 {[%emt 0:02:01]} d4+ {
[%emt 0:00:45]} 40. Kd2 {[%emt 0:00:13]} Ra6 {[%emt 0:00:06]} 41. axb3 {
[%emt 0:30:27]} Ra2+ {[%emt 0:30:51]} 42. Kd3 {[%emt 0:00:10]} Rxg2 {[%emt 0:
00:18]} 43. b4 {[%emt 0:03:26]} Kd6 {[%emt 0:04:57]} 44. Ra1 {[%emt 0:00:00]}
Rxh2 {[%emt 0:00:00]} 45. Ra6+ {[%emt 0:00:00]} Kd5 {[%emt 0:00:00]} 46. Ra5+ {
[%emt 0:00:00]} Kc6 {[%emt 0:00:00]} 47. Ra6+ {[%emt 0:00:00]} Kb5 {[%emt 0:00:
00]} 48. Rf6 {[%emt 0:00:00]} Rh4 {[%emt 0:00:00]} 49. Rxf7 {[%emt 0:00:00]}
Kxb4 {[%emt 0:00:00]} 50. Rc7 {[%emt 0:00:00]} Kb5 {[%emt 0:00:00]} 51. Rc1 {
[%emt 0:00:00]} Rf4 {[%emt 0:00:00]} 52. Rh1 {[%emt 0:00:00]} Kc5 {[%emt 0:00:
00]} 53. Rh3 {[%emt 0:00:00]} Kd5 {[%emt 0:00:00]} 54. Rg3 {[%emt 0:00:00]} Ke5
{[%emt 0:00:00]} 55. Rg5+ {[%emt 0:00:00]} Kf6 {[%emt 0:00:00]} 56. Rg3 {
[%emt 0:00:00]} g5 {[%emt 0:00:00]} 57. Rh3 {[%emt 0:00:00]} Kg6 {[%emt 0:00:
00]} 58. Rg3 {[%emt 0:00:00]} h5 {[%emt 0:00:00]} 59. Rh3 {[%emt 0:00:00]} h4 {
[%emt 0:00:00]} 60. Kd2 {[%emt 0:00:00]} Kh5 {[%emt 0:00:00]} 0-1

[Event "23rd ETCC Women 2021"]
[Site "Catez"]
[Date "2021.11.19"]
[Round "6.25"]
[White "Sebag, Marie"]
[Black "Injac, Teodora"]
[Result "1/2-1/2"]
[WhiteElo "2447"]
[BlackElo "2387"]
[Annotator "ChessBase"]
[PlyCount "87"]
[EventDate "2021.11.08"]
[EventType "team-tourn"]
[EventCountry "SLO"]
[WhiteTeam "France"]
[BlackTeam "Serbia"]
[WhiteTeamCountry "FRA"]
[BlackTeamCountry "SRB"]
[TimeControl "40/5400+30:1800+30"]

1. e4 {[%emt 0:00:07]} e5 {[%emt 0:00:07]} 2. Nf3 {[%emt 0:00:05]} Nc6 {
[%emt 0:00:05]} 3. Bb5 {[%emt 0:00:03]} a6 {[%emt 0:00:20]} 4. Ba4 {[%emt 0:00:
06]} Nf6 {[%emt 0:00:15]} 5. O-O {[%emt 0:00:10]} Be7 {[%emt 0:00:16]} 6. Re1 {
[%emt 0:00:55]} b5 {[%emt 0:00:51]} 7. Bb3 {[%emt 0:00:06]} O-O {[%emt 0:00:27]
} 8. a4 {[%emt 0:00:21]} Bb7 {[%emt 0:01:38]} 9. d3 {[%emt 0:00:49]} d6 {
[%emt 0:01:01]} 10. c3 {[%emt 0:06:47]} Na5 {[%emt 0:01:37]} 11. Ba2 {[%emt 0:
21:29]} c5 {[%emt 0:00:29]} 12. Nbd2 {[%emt 0:07:08]} Qc7 {[%emt 0:11:37]} 13.
Nf1 {[%emt 0:03:03]} c4 {[%emt 0:05:07]} 14. Bg5 {[%emt 0:06:28]} Rfd8 {
[%emt 0:11:53]} 15. axb5 {[%emt 0:24:28]} axb5 {[%emt 0:09:42]} 16. Bxf6 {
[%emt 0:02:35]} Bxf6 {[%emt 0:00:52]} 17. Ne3 {[%emt 0:00:10]} Ra6 {[%emt 0:08:
19]} 18. dxc4 {[%emt 0:01:04]} bxc4 {[%emt 0:00:18]} 19. Nd2 {[%emt 0:08:03]}
Bg5 {[%emt 0:07:42]} 20. Bxc4 {[%emt 0:02:44]} Nxc4 {[%emt 0:01:47]} 21. Nexc4
{[%emt 0:00:17]} d5 {[%emt 0:01:10]} 22. exd5 {[%emt 0:01:51]} Rxa1 {[%emt 0:
06:59]} 23. Qxa1 {[%emt 0:00:07]} Bxd5 {[%emt 0:01:07]} 24. b3 {[%emt 0:04:16]}
h6 {[%emt 0:04:09]} 25. Ne4 {[%emt 0:02:06]} Bxe4 {[%emt 0:13:00]} 26. Rxe4 {
[%emt 0:00:07]} Qb7 {[%emt 0:00:01]} 27. Re1 {[%emt 0:02:32]} Qxb3 {[%emt 0:00:
17]} 28. Nxe5 {[%emt 0:01:03]} Bf6 {[%emt 0:00:31]} 29. f4 {[%emt 0:02:38]} Rc8
{[%emt 0:08:51]} 30. Qa7 {[%emt 0:00:57]} Bxe5 {[%emt 0:01:46]} 31. fxe5 {
[%emt 0:00:12]} Qxc3 {[%emt 0:00:42]} 32. Qe3 {[%emt 0:00:17]} Qxe3+ {[%emt 0:
00:23]} 33. Rxe3 {[%emt 0:00:04]} Kf8 {[%emt 0:00:12]} 34. Kf2 {[%emt 0:00:51]}
Ke7 {[%emt 0:00:18]} 35. Kf3 {[%emt 0:01:04]} Rc2 {[%emt 0:00:45]} 36. h4 {
[%emt 0:00:22]} h5 {[%emt 0:01:03]} 37. g3 {[%emt 0:01:19]} Ke6 {[%emt 0:00:31]
} 38. Re4 {[%emt 0:00:53]} Rc1 {[%emt 0:01:44]} 39. Ra4 {[%emt 0:00:20]} Rf1+ {
[%emt 0:00:51]} 40. Ke4 {[%emt 0:00:14]} Re1+ {[%emt 0:00:27]} 41. Kf4 {
[%emt 0:30:06]} Rf1+ {[%emt 0:30:50]} 42. Ke4 {[%emt 0:00:06]} Re1+ {[%emt 0:
00:08]} 43. Kf4 {[%emt 0:00:03]} Rf1+ {[%emt 0:00:04]} 44. Ke4 {[%emt 0:00:02]}
1/2-1/2

[Event "23rd ETCC Women 2021"]
[Site "Catez"]
[Date "2021.11.19"]
[Round "6.26"]
[White "Eric, Jovana"]
[Black "Guichard, Pauline"]
[Result "1/2-1/2"]
[WhiteElo "2253"]
[BlackElo "2409"]
[Annotator "TA"]
[PlyCount "151"]
[EventDate "2021.11.08"]
[EventType "team-tourn"]
[EventCountry "SLO"]
[WhiteTeam "Serbia"]
[BlackTeam "France"]
[WhiteTeamCountry "SRB"]
[BlackTeamCountry "FRA"]

{[%evp 22,151,20,21,11,0,24,0,20,8,49,9,25,14,18,20,14,16,29,12,29,29,33,24,24,
0,0,18,73,77,94,85,91,87,89,-20,4,-27,-17,-23,-20,-50,0,-28,18,8,29,0,0,0,59,
14,43,8,217,125,95,123,188,162,229,226,301,279,280,253,217,214,207,199,149,95,
205,0,27,32,130,156,156,106,110,107,110,93,93,94,103,103,103,103,100,95,106,
107,105,105,111,100,127,127,127,127,127,127,127,127,127,127,127,127,127,127,
158,158,158,158,158,158,158,158,158,158,158,158,158,158,158,135,135,135,135,
135]} 1. e4 e5 2. Nf3 Nc6 3. Bc4 Nf6 4. d3 Bc5 5. c3 a6 6. O-O d6 7. Bb3 Ba7 8.
Nbd2 {[%cal Bb1d2,Bd2f1,Bf1g3][%mdl 32]} O-O 9. h3 h6 10. Re1 Re8 11. Nf1 Be6
12. Ng3 d5 {C54: Giuoco Piano: 4 c3 Nf6, main lines with 5 d4 and 5 d3.} 13.
Qe2 b5 {[#]} 14. Nh2 $146 ({Predecessor:} 14. Nh4 Nxe4 15. dxe4 Qxh4 16. Qf3 d4
17. Nf5 Bxf5 18. Qxf5 Nd8 19. g3 Qe7 20. Bxh6 {1/2-1/2 (54) Muetsch,A (2137)
-Batsiashvili,N (2472) Germany 2018}) 14... dxe4 {The position is equal.} 15.
dxe4 Na5 16. Bc2 Nc4 17. Nhf1 Qe7 18. b3 Nd6 19. Ne3 a5 20. Ba3 b4 21. Bb2 Nd7
22. Rad1 Qh4 23. Ngf5 Bxf5 24. exf5 bxc3 (24... Nf6 $11) 25. Bxc3 $16 Bd4 {[#]}
26. g3 $1 Qf6 27. Nd5 Qd8 {[#]} 28. Qd2 ({Better is} 28. Ne7+ $1 $16 Qxe7 29.
Bxd4 {[%mdl 64] Pin}) 28... c6 29. Bxd4 {Hoping for Bb6.} (29. Ne7+ $5 Rxe7 30.
Bxd4 $11) 29... cxd5 30. Bb2 d4 31. Bb1 Qf6 32. Qd3 Nc5 33. Qf3 Rad8 34. Qg4
Nb5 35. Rc1 Rc8 (35... Nd7 $11) 36. Qe2 Nd6 37. Ba3 Nd7 {[#]} (37... d3 $1 $11
{and Black has nothing to worry.} 38. Bxd3 Nxd3 39. Rxc8 (39. Qxd3 Nxf5 40. Qe4
Nd4 $11) 39... Rxc8 40. Qxd3 Nxf5) 38. Rxc8 (38. Qa6 $1 $18 Rxc1 39. Rxc1)
38... Nxc8 39. Qb5 $36 {[%mdl 2048] Keeping Black busy.} Ncb6 (39... Qd8 $16)
40. Be4 $18 ({Don't play} 40. Qxa5 $6 Ra8 $16) 40... Rc8 (40... Qd8 $142 41.
Bc6 (41. Qxa5 Qb8 $16) 41... Qc7) 41. Qxa5 Qg5 42. Kg2 h5 43. h4 Qd8 44. Bb4
Qc7 45. Bd2 Qb8 46. Qb5 (46. Bf3 $142) 46... Nf6 (46... Rc5 $16 47. Qd3 Nd5)
47. Qd3 $2 (47. Bf3 $18) 47... Qa7 48. Bf3 Qxa2 (48... Nbd7 $14) 49. Rxe5 $16
Nbd7 50. Re2 Nc5 51. Qxd4 {aiming for Bg5.} Nxb3 52. Qd3 {Bg5 is the strong
threat.} Nxd2 53. Rxd2 Qa5 54. Rb2 Qa1 55. Rb1 Qe5 56. Rb5 Qe1 {White must now
prevent ...Rc1.} 57. Qd1 Qxd1 58. Bxd1 {[%mdl 4096] Endgame KRB-KRN} Rd8 59.
Bb3 Kf8 60. Rb7 Rd7 61. Rxd7 Nxd7 {KB-KN} 62. Kf3 Ke7 63. Kf4 Kf6 64. f3 Ne5
65. Bc2 Nc4 66. g4 hxg4 67. fxg4 {White is clearly better.} Ke7 68. g5 f6 69.
g6 Kf8 70. h5 Ne5 71. Bb3 Nd3+ {[#]} 72. Kg3 $1 Ne5 73. Bc2 Nc6 74. Kh4 Ne7 75.
Be4 Ng8 76. Bd3 {Weighted Error Value: White=0.21/Black=0.25} 1/2-1/2

[Event "23rd ETCC Women 2021"]
[Site "Catez"]
[Date "2021.11.19"]
[Round "6.27"]
[White "Milliet, Sophie"]
[Black "Manakova, Maria"]
[Result "1-0"]
[WhiteElo "2418"]
[BlackElo "2289"]
[Annotator "ChessBase"]
[PlyCount "125"]
[EventDate "2021.11.08"]
[EventType "team-tourn"]
[EventCountry "SLO"]
[WhiteTeam "France"]
[BlackTeam "Serbia"]
[WhiteTeamCountry "FRA"]
[BlackTeamCountry "SRB"]
[TimeControl "40/5400+30:1800+30"]

1. e4 {[%emt 0:00:04]} c5 {[%emt 0:00:04]} 2. Nf3 {[%emt 0:00:04]} Nc6 {
[%emt 0:00:05]} 3. Bb5 {[%emt 0:00:07]} e6 {[%emt 0:00:26]} 4. O-O {[%emt 0:01:
17]} Nge7 {[%emt 0:00:08]} 5. c3 {[%emt 0:00:09]} a6 {[%emt 0:00:12]} 6. Ba4 {
[%emt 0:00:08]} b5 {[%emt 0:01:33]} 7. Bc2 {[%emt 0:00:07]} d5 {[%emt 0:03:22]}
8. d4 {[%emt 0:01:33]} cxd4 {[%emt 0:01:00]} 9. a4 {[%emt 0:00:19]} b4 {
[%emt 0:04:28]} 10. cxd4 {[%emt 0:00:30]} dxe4 {[%emt 0:08:32]} 11. Bxe4 {
[%emt 0:00:05]} Nd5 {[%emt 0:00:47]} 12. Bg5 {[%emt 0:00:42]} Be7 {[%emt 0:01:
06]} 13. Bxe7 {[%emt 0:00:09]} Ncxe7 {[%emt 0:01:02]} 14. Nbd2 {[%emt 0:06:13]}
Bb7 {[%emt 0:12:20]} 15. Nb3 {[%emt 0:25:11]} Ng6 {[%emt 0:25:03]} 16. Nc5 {
[%emt 0:00:47]} Qe7 {[%emt 0:00:19]} 17. Re1 {[%emt 0:04:50]} O-O {[%emt 0:00:
52]} 18. Qd2 {[%emt 0:08:56]} Rfd8 {[%emt 0:02:13]} 19. h4 {[%emt 0:12:09]} Ra7
{[%emt 0:02:25]} 20. g3 {[%emt 0:00:45]} Qd6 {[%emt 0:06:24]} 21. Ng5 {[%emt 0:
09:34]} Nf8 {[%emt 0:00:44]} 22. Qc2 {[%emt 0:04:20]} g6 {[%emt 0:01:26]} 23.
Bg2 {[%emt 0:02:37]} Ba8 {[%emt 0:00:51]} 24. Nge4 {[%emt 0:02:14]} Qe7 {
[%emt 0:00:49]} 25. Rad1 {[%emt 0:04:12]} a5 {[%emt 0:01:45]} 26. Qc1 {[%emt 0:
03:55]} Nf6 {[%emt 0:04:54]} 27. Qf4 {[%emt 0:11:24]} Nxe4 {[%emt 0:01:45]} 28.
Bxe4 {[%emt 0:00:00]} Bd5 {[%emt 0:07:45]} 29. h5 {[%emt 0:01:10]} gxh5 {
[%emt 0:10:16]} 30. Qh6 {[%emt 0:00:14]} Ng6 {[%emt 0:01:27]} 31. Qxh5 {
[%emt 0:00:27]} Qf6 {[%emt 0:00:49]} 32. Kg2 {[%emt 0:01:40]} Qg7 {[%emt 0:00:
06]} 33. Qg5 {[%emt 0:00:09]} Ne7 {[%emt 0:01:09]} 34. Qxg7+ {[%emt 0:00:31]}
Kxg7 {[%emt 0:00:05]} 35. f3 {[%emt 0:00:52]} Rd6 {[%emt 0:00:39]} 36. Kf2 {
[%emt 0:00:31]} h6 {[%emt 0:00:26]} 37. Ke3 {[%emt 0:00:23]} Rc7 {[%emt 0:00:
27]} 38. Rc1 {[%emt 0:00:10]} Rc8 {[%emt 0:00:20]} 39. g4 {[%emt 0:00:59]} Rcd8
{[%emt 0:00:11]} 40. Red1 {[%emt 0:00:21]} Kf6 {[%emt 0:01:39]} 41. Bd3 {
[%emt 0:22:38]} Kg7 {[%emt 0:02:07]} 42. Bb5 {[%emt 0:00:34]} Ng6 {[%emt 0:06:
40]} 43. Be2 {[%emt 0:06:02]} Nh4 {[%emt 0:05:20]} 44. Ne4 {[%emt 0:01:29]}
R6d7 {[%emt 0:09:29]} 45. Bb5 {[%emt 0:00:49]} Re7 {[%emt 0:00:14]} 46. Kf2 {
[%emt 0:01:32]} Nxf3 {[%emt 0:02:24]} 47. Kxf3 {[%emt 0:00:19]} f5 {[%emt 0:00:
03]} 48. Bd3 {[%emt 0:00:07]} fxe4+ {[%emt 0:00:34]} 49. Bxe4 {[%emt 0:00:04]}
Bb3 {[%emt 0:01:32]} 50. Rd2 {[%emt 0:00:20]} Ra7 {[%emt 0:04:11]} 51. Rc6 {
[%emt 0:01:30]} Kf7 {[%emt 0:01:53]} 52. d5 {[%emt 0:00:42]} exd5 {[%emt 0:00:
39]} 53. Bf5 {[%emt 0:00:03]} Bxa4 {[%emt 0:00:48]} 54. Rxh6 {[%emt 0:00:04]}
Raa8 {[%emt 0:00:35]} 55. Rh7+ {[%emt 0:01:07]} Kf6 {[%emt 0:00:13]} 56. Kf4 {
[%emt 0:00:05]} Rg8 {[%emt 0:01:07]} 57. g5+ {[%emt 0:00:31]} Rxg5 {[%emt 0:00:
04]} 58. Rh6+ {[%emt 0:00:02]} Kg7 {[%emt 0:01:04]} 59. Kxg5 {[%emt 0:00:03]}
Be8 {[%emt 0:00:36]} 60. Rh7+ {[%emt 0:00:29]} Kg8 {[%emt 0:00:05]} 61. Rdh2 {
[%emt 0:00:16]} Kf8 {[%emt 0:00:54]} 62. Kf6 {[%emt 0:00:12]} Ra6+ {[%emt 0:00:
26]} 63. Be6 {[%emt 0:00:04]} 1-0

[Event "23rd ETCC Women 2021"]
[Site "Catez"]
[Date "2021.11.19"]
[Round "6.28"]
[White "Gajcin, Marina"]
[Black "Benmesbah, Natacha"]
[Result "1-0"]
[WhiteElo "2198"]
[BlackElo "2256"]
[Annotator "TA"]
[PlyCount "61"]
[EventDate "2021.11.08"]
[EventType "team-tourn"]
[EventCountry "SLO"]
[WhiteTeam "Serbia"]
[BlackTeam "France"]
[WhiteTeamCountry "SRB"]
[BlackTeamCountry "FRA"]

{[%evp 12,61,32,26,40,35,41,34,44,21,39,41,66,47,61,43,53,27,55,53,65,64,85,10,
30,6,4,-4,-2,-2,0,0,0,0,0,0,100,94,113,97,105,101,339,332,498,485,483,462,934,
921,994,978]} 1. e4 d6 2. d4 Nf6 3. Nc3 e5 4. Nf3 Nbd7 {[%cal Bb8d7,Bd7e5,
Be5c6,Bc6b4][%mdl 32]} 5. Bc4 Be7 6. O-O O-O 7. a4 $1 {[%mdl 4] now scores
much better than the old 7.Re1.} exd4 {C41: Philidor Defence.} 8. Nxd4 Ne5 9.
Ba2 Nc6 {White is slightly better.} 10. Bf4 Nb4 11. Bb3 {[#]} Ng4 $146 ({
Predecessor:} 11... a6 12. Nd5 Nbxd5 13. exd5 Bg4 14. f3 Bd7 15. Qd3 Re8 16. c4
c6 17. dxc6 bxc6 {0-1 (39) Ramirez Garcia,J (2305)-Duboue,P (2412) Chalons en
Champagne 2021}) 12. Qd2 Ne5 13. Rad1 Bf6 14. Nce2 a5 15. Bg3 Bd7 16. f4 Ng6
17. c3 (17. Nb5 $16) 17... Na6 $1 $11 18. e5 dxe5 19. fxe5 Nxe5 20. Bxe5 Bxe5
21. Rxf7 Rxf7 22. Nf3 $1 $36 {[%cal Rf3e5][%mdl 2048] White fights for an
advantage.} Bf6 {Strongly threatening ...Be8.} 23. Qxd7 Qxd7 (23... Qf8 $1 $11)
24. Rxd7 $16 {[%mdl 64] Pin} Raf8 {[#]} 25. Bc4 $1 {[%mdl 1088] Pin. White has
strong compensation.} (25. Bxf7+ $6 Rxf7 26. Rd5 b6 $15) 25... g5 26. Nfd4 {
Black must now prevent Nf5.} (26. Bxf7+ $6 Rxf7 27. Rd5 Re7 $11) 26... Bg7 $2 {
This costs Black the game.} (26... Kg7 $16 27. Ne6+ (27. Rxf7+ Rxf7 28. Bxf7
Kxf7 $11) 27... Kh8) 27. Nf5 $18 (27. Rxf7 Rxf7 28. Nb3 (28. Bxf7+ Kxf7 29. Nb3
Ke6 $11) 28... Kf8 $11) 27... b6 (27... c6 $142 28. Nd6 {[%mdl 64] Pin} (28.
Bxf7+ Rxf7 29. Rxf7 Kxf7 $16) (28. Nxg7 Kxg7 29. Bxf7 Rxf7 $11) 28... Nc5) 28.
Neg3 {White is clearly winning.} (28. Bxf7+ Rxf7 29. Rd8+ Rf8 $11) (28. Nxg7
Kxg7 29. Rxf7+ (29. Bxf7 Rxf7 30. Rd5 Kf6 $11) 29... Rxf7 $16) 28... Nc5 29.
Rxc7 {[%mdl 64] [#] Pin} ({Worse is} 29. Rxf7 Rxf7 30. Nh5 Nxa4 $11) 29... Be5
(29... Nxa4 $142 30. Nd6 {[%mdl 64] Pin} (30. Bxf7+ Rxf7 31. Rc8+ Rf8 $11) (30.
Nxg7 Kxg7 31. Bxf7 Rxf7 $11) 30... Be5) 30. Nh6+ {[%mdl 64] Double Attack, Pin}
Kg7 31. Ngf5+ {Weighted Error Value: White=0.11/Black=0.36} 1-0

[Event "23rd ETCC Women 2021"]
[Site "Catez"]
[Date "2021.11.19"]
[Round "6.29"]
[White "Bulmaga, Irina"]
[Black "Shvayger, Yuliya"]
[Result "0-1"]
[WhiteElo "2405"]
[BlackElo "2351"]
[Annotator "TA"]
[PlyCount "60"]
[EventDate "2021.11.08"]
[EventType "team-tourn"]
[EventCountry "SLO"]
[WhiteTeam "Romania"]
[BlackTeam "Israel"]
[WhiteTeamCountry "ROU"]
[BlackTeamCountry "ISR"]

{[%evp 18,60,36,34,41,33,30,26,34,44,52,39,45,39,57,49,91,74,95,54,76,56,73,38,
74,-6,0,0,0,0,0,0,0,0,0,0,3,0,89,45,41,-60,-60,-29997,-29998]} 1. e4 c5 2. Nf3
Nc6 3. Bb5 e6 4. O-O Nge7 5. Re1 a6 6. Bf1 Ng6 7. c3 Be7 8. d4 cxd4 9. cxd4 d5
10. e5 O-O {B30: Sicilian: 2...Nc6 3 Bb5, lines without ...g6.} 11. g3 f5 12.
exf6 Bxf6 {White has an edge.} 13. Nc3 b5 14. Be3 {[#]} Bd7 $146 ({Predecessor:
} 14... Qd6 15. Rc1 Bd7 16. h4 Bd8 17. Bg2 Nge7 18. a3 Be8 19. Qd2 Nf5 20. Bf4
Qd7 {1/2-1/2 (43) Grischuk,A (2771)-Atabayev,Y (2428) Baku 2015}) 15. h4 Nge7
16. Bh3 Rc8 17. Bf4 b4 18. Na4 Nf5 19. Bxf5 exf5 20. Ne5 Bxe5 21. Bxe5 ({
White should try} 21. dxe5 $16 Be6 22. Rc1) 21... Nxe5 22. Rxe5 f4 {And now ...
fxg3 would win.} 23. Nc5 fxg3 24. fxg3 Bh3 {With the idea ...Rf1+.} 25. Qe2 Qf6
26. Re1 Rc7 27. Nd3 {Nf4 is the strong threat.} Bf5 (27... Qg6 $11 28. Qe3 Rcf7
) 28. Nf4 Be4 {Threatens to win with ...Rc2.} 29. Qe3 (29. Nxd5 $14 Bxd5 30.
Rxd5) 29... Rcf7 $1 $15 30. Ne6 $2 {[%mdl 8192] [#]} (30. Nxd5 $2 {leads to
mate.} Qf1+ $3 {[%mdl 512]} 31. Rxf1 Rxf1+ 32. Kh2 Rh1#) (30. Rc1 $15) 30...
Qf1+ $3 {[%mdl 512] Weighted Error Value: White=0.53/Black=0.15} 0-1

[Event "23rd ETCC Women 2021"]
[Site "Catez"]
[Date "2021.11.19"]
[Round "6.30"]
[White "Klinova, Masha"]
[Black "Cosma, Elena-Luminita"]
[Result "1/2-1/2"]
[WhiteElo "2264"]
[BlackElo "2281"]
[Annotator "TA"]
[PlyCount "63"]
[EventDate "2021.11.08"]
[EventType "team-tourn"]
[EventCountry "SLO"]
[WhiteTeam "Israel"]
[BlackTeam "Romania"]
[WhiteTeamCountry "ISR"]
[BlackTeamCountry "ROU"]

{[%evp 9,63,12,17,14,13,9,14,14,20,15,1,-4,-7,-6,11,-18,-13,-13,0,0,10,-7,-8,
-14,-17,-22,-29,-27,0,0,15,0,20,18,44,24,15,-48,-75,-57,-58,-77,-61,-72,-10,
-14,-23,-29,-12,-8,0,0,0,0,0,0]} 1. e4 e6 2. d3 d5 3. Nd2 Nf6 4. Ngf3 a5 5. a4
{[#]} b6 $146 ({Predecessor:} 5... Bc5 6. h3 Nc6 7. c3 O-O 8. Be2 Ba7 9. Qc2 e5
10. Nf1 h6 11. Ng3 Be6 12. O-O {0-1 (73) Teran Abreu,L (2160)-Saldano Dayer,H 
(2413) Villa Martelli 2021}) 6. Be2 {C00: French: Unusual White 2nd moves.} Be7
7. O-O O-O 8. c3 Ba6 9. Re1 c5 10. e5 Nfd7 11. d4 Nc6 {[%cal Bb8c6,Bc6e7,Be7f5]
[%mdl 32]} 12. Nb3 Qc8 13. Bg5 h6 14. Bxe7 Nxe7 15. Qd2 Bxe2 16. Rxe2 Qc7 (
16... c4 $5 17. Nc1 $8 Rb8 $11) 17. Qe3 Nf5 18. Qf4 f6 {And now ...fxe5 would
win.} 19. Qg4 Rae8 20. Rae1 cxd4 21. Nbxd4 Nxd4 22. Qxd4 (22. Nxd4 {keeps more
tension.} Nc5 23. Nb5 Qe7 24. Qd4 f5 25. Nd6) 22... f5 23. c4 ({White should
play} 23. Qd3 $11) 23... Qxc4 $15 24. Qxc4 dxc4 25. Rc2 Nc5 26. Rxc4 Rd8 (26...
Nd3 $17 27. Re2 Rc8) 27. h4 Rd5 28. Rb1 Rfd8 29. b4 {The position is equal.}
axb4 30. Rcxb4 Rd1+ 31. Rxd1 Rxd1+ 32. Kh2 {Weighted Error Value: White=0.10/
Black=0.10} 1/2-1/2